LEADER 01000nam a2200217 i 4500 001 000000196128 003 CaOOAMICUS 005 20251217123459.0 008 110113s1971 it u000 u ita u 013 $a174809 040 $aSeMil$bita 110 0 $aSanta Sede : Sacra Congregazione per il Culto Divino.$0(OLS)http://semarc/name/70748 245 10$aLiturgia delle Ore :$btesto dell'Istituzione Generale sulla preghiera del popolo di Dio /$cSacra Congregazione per il Culto Divino. 260 $aMilano :$bĀncora,$c1971. 300 $a85 p. ;$c19 cm. 650 4$aLibri liturgici - Liturgia delle Ore - Rito ambrosiano.$0(OLS)http://semarc/subject/59246 850 $aSeMil 852 $aSeMil$W1$xVenegono$y1$m3K I 217$j146693$B146693$CSeMilBibl$Z2$F158139 $81 996 $6245$aLiturgia delle Ore :$btesto dell'Istituzione Generale sulla preghiera del popolo di Dio$9(OLS)http://semarc/title/283157 996 $6260$aMilano :$bĀncora$9(OLS)http://semarc/publisher/29763 LEADER 01003nam a2200229 i 4500 001 000000202183 003 CaOOAMICUS 005 20110517000000.0 008 110517n it u000 u ita u 013 $a180890 040 $aSeMil$bita 245 12$aA ricordo di Giancarlo Brasca :$bdirettore amministrativo della Universitā cattolica del sacro Cuore. 260 $a[S.l. :$bs.n.],$c[1978]$e(Rozzano :$fTecnografica Milanese,$g[1978]) 300 $a36 p., [1] c. di foto ;$c19 cm. 500 $aFondo Card. Giovanni Colombo. 600 14$aBrasca, Giancarlo <1920-1979>.$0(OLS)http://semarc/subject/18802 850 $aSeMil 852 $aSeMil$W1$xVenegono$y1$m5D VIII 20/31$j152706$B152706$CSeMilBibl$Z2$F163747 $81 941 1 $a3 961 $aLascito: Colombo Card. Giovanni 996 $6245$aA ricordo di Giancarlo Brasca :$bdirettore amministrativo della Universitā cattolica del sacro Cuore$9(OLS)http://semarc/title/292662 996 $6260$a[S.l. :$bs.n.]$9(OLS)http://semarc/publisher/29751